Tấm lưới sự sống - Một cách hiểu khoa học mới về những hệ sống

Trình bày sinh thái sâu - một khuôn mẫu mới; các lí thuyết hệ thống; logic của tư duy; những mô hình của sự tự tổ chức; toán học của sự phức tạp; TM tài liệu tham khảo tr. 373 - 381

Bewaard in:
Bibliografische gegevens
Hoofdauteur: Capra, Fritjof
Andere auteurs: Nguyễn, Nguyên Hy
Formaat: Boek
Taal:Undetermined
Gepubliceerd in: H. Tri thức 2017
Onderwerpen:
Online toegang:http://lrc.tdmu.edu.vn/opac/search/detail.asp?aID=2&ID=32952
Tags: Voeg label toe
Geen labels, Wees de eerste die dit record labelt!
Thư viện lưu trữ: Trung tâm Học liệu Trường Đại học Thủ Dầu Một
LEADER 01021nam a2200217Ia 4500
001 TDMU_32952
008 210410s9999 xx 000 0 und d
082 |a 300.721 
090 |b NG527 
100 |a Capra, Fritjof 
245 0 |a Tấm lưới sự sống - Một cách hiểu khoa học mới về những hệ sống 
245 0 |c Fritjof Capra ; Nguyễn Nguyên Hy dịch 
260 |a H. 
260 |b Tri thức 
260 |c 2017 
300 |a 395 tr 
520 |a Trình bày sinh thái sâu - một khuôn mẫu mới; các lí thuyết hệ thống; logic của tư duy; những mô hình của sự tự tổ chức; toán học của sự phức tạp; TM tài liệu tham khảo tr. 373 - 381 
650 |a Sinh học  |x Lí thuyết hệ thống 
700 |a Nguyễn, Nguyên Hy 
856 |u http://lrc.tdmu.edu.vn/opac/search/detail.asp?aID=2&ID=32952 
980 |a Trung tâm Học liệu Trường Đại học Thủ Dầu Một